000 00438nam a2200145Ia 4500
008 230917s9999||||xx |||||||||||||| ||und||
040 _e221626
_aMAIN
041 _aEnglish
082 _a891.43301741 MK264N
100 _aमधुकांत
245 0 _aनींद टूटने के बाद
260 _aनई दिल्ली
_bनवशिला प्रकाशन
_c2008
300 _a128पृ. p.
942 _cHN
999 _c134956
_d134956